ბათუმის შოთა რუსთაველის სახელმწიფო უნივერსიტეტის ბიბლიოთეკა

Плодоводство (ბიბ.ჩანაწერი № 45581)

000 -LEADER
fixed length control field 00592nam a2200205Ia 4500
001 - CONTROL NUMBER
control field 12407
003 - CONTROL NUMBER IDENTIFIER
control field GE_BSU
008 - FIXED-LENGTH DATA ELEMENTS--GENERAL INFORMATION
fixed length control field 181216s||||||||xx |||||||||||||| ||und||
040 ## - CATALOGING SOURCE
Transcribing agency GE_BSU
080 ## - UNIVERSAL DECIMAL CLASSIFICATION NUMBER
Universal Decimal Classification number 634.1(075.32)
100 ## - MAIN ENTRY--PERSONAL NAME
Personal name Курындин,И.И. Малынковский,В.В. Веньяминов,А.Н. Велохонов,И.В.
245 ## - TITLE STATEMENT
Title Плодоводство
250 ## - EDITION STATEMENT
Edition statement 3-ое перераб.
260 ## - PUBLICATION, DISTRIBUTION, ETC.
Place of publication, distribution, etc. Москва
260 ## - PUBLICATION, DISTRIBUTION, ETC.
Name of publisher, distributor, etc. Сельхозгиз
260 ## - PUBLICATION, DISTRIBUTION, ETC.
Date of publication, distribution, etc. 1947
300 ## - PHYSICAL DESCRIPTION
Extent 539стр.илл.23см.
653 ## - INDEX TERM--UNCONTROLLED
Uncontrolled term Плодоводство
942 ## - ADDED ENTRY ELEMENTS (KOHA)
Koha item type წიგნი
ეგზემპლარები
Withdrawn status Lost status Damaged status Not for loan Date acquired Barcode Date last seen Price effective from Koha item type
        2018-12-17 20740 2018-12-17 2018-12-17 წიგნი